Design and analysis of distributed algorithms / (Record no. 30291)

000 -LEADER
fixed length control field 00760 a2200193 4500
020 ## - INTERNATIONAL STANDARD BOOK NUMBER
International Standard Book Number 0471719978
020 ## - INTERNATIONAL STANDARD BOOK NUMBER
International Standard Book Number 9780471719977
090 ## - LOCALLY ASSIGNED LC-TYPE CALL NUMBER (OCLC); LOCAL CALL NUMBER (RLIN)
-- 1683
-- 1683
100 1# - MAIN ENTRY--PERSONAL NAME
Personal name Santoro, Nicola.
245 10 - TITLE STATEMENT
Title Design and analysis of distributed algorithms /
Statement of responsibility, etc. Nicola Santoro.
250 ## - EDITION STATEMENT
Edition statement 1st ed.
260 ## - PUBLICATION, DISTRIBUTION, ETC.
Place of publication, distribution, etc. [S.l.] :
Name of publisher, distributor, etc. Wiley-Interscience,
Date of publication, distribution, etc. 2006.
300 ## - PHYSICAL DESCRIPTION
Extent 608 p. ;
Dimensions 24 cm.
490 1# - SERIES STATEMENT
Series statement Wiley series on parallel and distributed computing.
830 #0 - SERIES ADDED ENTRY--UNIFORM TITLE
Uniform title Wiley series on parallel and distributed computing.
856 40 - ELECTRONIC LOCATION AND ACCESS
Materials specified Amazon.com
Uniform Resource Identifier <a href="http://www.amazon.com/exec/obidos/ASIN/0471719978/chopaconline-20">http://www.amazon.com/exec/obidos/ASIN/0471719978/chopaconline-20</a>
942 ## - ADDED ENTRY ELEMENTS (KOHA)
Institution code [OBSOLETE] SNS
Koha item type Book
Call number prefix 005.1 SAN
Holdings
Withdrawn status Lost status Damaged status Not for loan Permanent Location Current Location Date acquired Total Checkouts Full call number Barcode Date last seen Price effective from Koha item type
        School of Natural Sciences (SNS) School of Natural Sciences (SNS) 05/26/2016   005.1 SAN SNS0001887 05/26/2016 05/26/2016 Book
© 2023 Central Library, National University of Sciences and Technology. All Rights Reserved.